THE NUTRIENT REQUIREMENTS OF FARM LIVESTOK (Record no. 16653)

MARC details
000 -LEADER
fixed length control field 00395nam a22001457a 4500
003 - CONTROL NUMBER IDENTIFIER
control field OSt
005 - DATE AND TIME OF LATEST TRANSACTION
control field 20211104095653.0
008 - FIXED-LENGTH DATA ELEMENTS--GENERAL INFORMATION
fixed length control field 211104b |||||||| |||| 00| 0 eng d
040 ## - CATALOGING SOURCE
Transcribing agency HAWASSA UNIVERSITY
050 ## - LIBRARY OF CONGRESS CALL NUMBER
Classification number 636.5/NUT
Item number 2
082 ## - DEWEY DECIMAL CLASSIFICATION NUMBER
Classification number 636.5/NUT
Item number 2
245 ## - TITLE STATEMENT
Title THE NUTRIENT REQUIREMENTS OF FARM LIVESTOK
260 ## - PUBLICATION, DISTRIBUTION, ETC.
Place of publication, distribution, etc. LONDON
Name of publisher, distributor, etc. AGRICULTURAL RESEARCH CONTROL
Date of publication, distribution, etc. 1975
942 ## - ADDED ENTRY ELEMENTS (KOHA)
Source of classification or shelving scheme Dewey Decimal Classification
Koha item type Books like text book referance book
Suppress in OPAC No
Holdings
Withdrawn status Lost status Source of classification or shelving scheme Damaged status Not for loan Home library Current library Date acquired Total Checkouts Full call number Barcode Date last seen Copy number Price effective from Koha item type
    Dewey Decimal Classification     College of Agriculture Library College of Agriculture Library 11/04/2021   636.5/NUT ALIB0003101 11/04/2021 1 11/04/2021 Books like text book referance book
    Dewey Decimal Classification     College of Agriculture Library College of Agriculture Library 11/04/2021   636.5/NUT ALIB0003102 11/04/2021 2 11/04/2021 Books like text book referance book